000
00293nam a2200121Ia 4500
005
20251222142004.0
008
251222s9999||||xx |||||||||||||| ||spa||
082
_a
613/H91
100
_a
Hulshof, Josée
245
0
_a
Economía Política del Sistema de Salud
264
_b
DESCO
942
_c
LIB
999
_c
10094
_d
10094